00423nam a2200145Ia 4500020001800000082001600018100002500034245007300059260003900132300000700171650001500178650002100193650003500214650002800249 a81-7650-055-0 a294.6 BHA-L aBhalla, Kartar Singh 0aLet's know Sikhism: a religion of harmony, brotherhood and tolerance aNew DelhibStar Publicationsc2002 a40 aSikh Gurus aPhilosophy, Sikh aSikhismvCustoms and practices aSikhismvHistoryzIndia